000 00431nam a2200181Ia 4500
008 151202s9999||||xx |||||||||||||| ||und||
082 _bPNVM-33452
100 _aMCALLISTER HAYDEN.
245 _aWAR STORIES.
260 _b"OCTOPUS BOOKS ,LONDON."
260 _c0
300 _a352
600 _aMCALLISTER HAYDEN.
630 _aWAR STORIES.
700 _aMCALLISTER HAYDEN.
730 _aWAR STORIES.
942 _cBOOK
999 _c1299411
_d1299408